Ваксините (Запис номер 110154)
[ съкратено ]
| 000 -Лидер | |
|---|---|
| Контролно поле с фиксирана дължина | 01532nam a2200361 c 4500 |
| 003 - Код на организацията, давaща контролен номер | |
| Контролно поле | BLK |
| 005 - Дата и час на последна редакция | |
| Контролно поле | 20181212111715.0 |
| 008 - Елементи от данни с фиксирана дължина | |
| fixed length control field | 180409b bul|||||r ||||||| ||bul|| |
| 010 ## - Наследен системен номер | |
| LC control number | KNG00115477000 |
| 020 ## - Международен стандартен номер на книга ISBN | |
| Международен стандартен номер на книга ISBN | 954-420-238-2 |
| -- | издат.: Медицина и физкултура |
| 040 ## - Източник на каталожния запис | |
| Идентификатор на билиотеката - собственик на записа | BLK |
| 041 ## - Код за език | |
| Код за езика на текст/звукозапис или на отделно заглавие | Български |
| Код за езика КДБФ | Български |
| 080 ## - УДК | |
| Текстов определител УДК | Имунотерапия (с използване на микроорганизми и др. - ваксини, имунни серуми, култури от микроорганизми |
| УДК код - определител по УДК | 615.37 |
| УДК определител | |
| УДК - код + определител | 615.37 |
| 100 1# - Редна дума - Автор | |
| Автор | Аргирова, Радка Младенова |
| Авторска отговорност | първи автор |
| R(LIN) | 311758 |
| 139 ## - Редно поле | |
| Редна дума | Аргирова, Радка Младенова и др. |
| Авторски знак | Арг - А 82 |
| 245 10 - Сведения за заглавието | |
| Заглавие | Ваксините |
| Подзаглавни данни | Минало, настояще и бъдеще |
| Редно поле (дума) | Радка Младенова Аргирова; съавт. Радка Тодорова Комитова. |
| 257 ## - Страна на издаване | |
| Страна на създаване/издаване | България |
| 260 ## - Област на издателските данни | |
| -- | София |
| Име на издателя, разпространителя и проч. | Медицина и физкултура |
| Година на издаване | 2004 |
| Печатница | София : Мултипринт |
| 300 ## - Физическа характеристика | |
| Страници | 104 с. |
| Размери/Мащаб | 21 см |
| 380 ## - Жанр | |
| Жанр | Медицина |
| 500 ## - Общи забележки | |
| Забележка | Библиогр. с. 102-103. |
| 504 ## - Забележка за наличие на библиография и др | |
| Забележка за наличие на библиография и под. | 102-103 |
| 650 #4 - Допълнително описание по предмет – тема | |
| Основно описание – тема или топоним | Имунотерапия |
| 9 (RLIN) | 157124 |
| 650 #4 - Допълнително описание по предмет – тема | |
| Основно описание – тема или топоним | Ваксини |
| 9 (RLIN) | 150362 |
| 653 ## - Ключова дума – ненормативна | |
| Ключова дума | имунотерапия |
| 653 ## - Ключова дума – ненормативна | |
| Ключова дума | ваксини |
| 700 1# - Други автори (авторска отговорност) | |
| Лично име | Комитова, Радка Тодорова |
| Автороска отговорност (Описва отношението между автора и произведението) | съавт. |
| 9 (RLIN) | 375706 |
| 852 ## - Местоположение | |
| Форматна сигнатура | Цб 221149 |
| 856 4# - Електронен адрес и достъп | |
| Електронен формат | pdf - файл |
| Път до файла /url/ | |
| 856 4# - Електронен адрес и достъп | |
| Електронен формат | pdf - файл |
| Път до файла /url/ | |
| 942 ## - АРТИКУЛИ | |
| Вид на библиотечния материал | Книги |
| Скрит в OPAC | Не |
| Koha issues (borrowed), all copies | 1 |
| 944 ## - СЪЗДАВАНЕ И РЕДАКЦИЯ на ЗАПИСА | |
| Създаване/Редакция | Създаване |
| Дата на регистрацията/редакция | 11.10.2004 |
| Служител, извършил регистрацията/редакцията | Цветанка_Енчева |
| 944 ## - СЪЗДАВАНЕ И РЕДАКЦИЯ на ЗАПИСА | |
| Създаване/Редакция | Редакция |
| Дата на регистрацията/редакция | 08.01.2007 |
| Служител, извършил регистрацията/редакцията | |
| 999 ## - СИСТЕМНИ КОНТРОЛНИ НОМЕРА | |
| Koha biblionumber | 110154 |
| Koha biblioitemnumber | 110154 |
| Код за отписване | Код за изгубен артикул | Код за повреда | Коз за рестрикции | Код за отдаване | Артикулен № | Име на библиотеката - собственик | Име на библиотеката, в която се намира в момента | Статус (Текущо местоположение) | Дата на вписване в системата | Местоположение - отдел | Цена в лева | Инвентарен номер | Систематично азбучна сигнатура | Баркод | Номер на екземпляра | Цена в евро | Служебна бележка | Служебен тип на артикула |
|---|---|---|---|---|---|---|---|---|---|---|---|---|---|---|---|---|---|---|
| Не е изгубен | Не е повреден | без рестрикции | заемане за дома | 177363 | Регионална библиотека "Любен Каравелов" Русе | Регионална библиотека "Любен Каравелов" Русе | Заемна - подръчен фонд | 2004-10-11 | Заемна - подръчен фонд | 7.90 | 120000689193 | П 615.3/А 82 | 120000689193 | 1 | 4.04 | Дост: Pk Вид: Ф N: 8892 Дата: 08.10.2004 Дата инв: 05.02.2018 Бележки инв: П2018 | Книги | |
| Не е изгубен | Не е повреден | без рестрикции | ползва се в читалня | 177364 | Регионална библиотека "Любен Каравелов" Русе | Регионална библиотека "Любен Каравелов" Русе | Читалня | 2004-10-11 | Читалня | 7.90 | 120000689194 | Ч 615/А 82 | 120000689194 | 2 | 4.04 | Дост: Pk Вид: Ф N: 8892 Дата: 08.10.2004 Дата инв: 29.03.2017 Бележки инв: Ч2017 | Книги | |
| Не е изгубен | Не е повреден | без рестрикции | заемане за дома | 177365 | Регионална библиотека "Любен Каравелов" Русе | Регионална библиотека "Любен Каравелов" Русе | Заемна - подръчен фонд | 2006-12-22 | Заемна - подръчен фонд | 7.50 | 120000707786 | П 615.3/А 82 | 120000707786 | 3 | 3.83 | Дост: Pk Вид: Ф N: 47399 Дата: 18.12.2006 Дата инв: 05.02.2018 Бележки инв: П2018 | Книги |